| 000 | 00487nam a2200193 a 4500 | ||
|---|---|---|---|
| 001 | 1771067064301 | ||
| 003 | YourLibrary | ||
| 005 | 20260214163807.0 | ||
| 008 | 260214s2009##################000#0#eng## | ||
| 020 | _a9780262513043 | ||
| 082 | 0 | 4 | _a320.01 |
| 100 | 1 |
_aBrown, Mark B., _eauthor. |
|
| 245 | 1 | 0 | _aScience in Democracy : |
| 260 |
_bMIT Press, _c2009. |
||
| 300 | _a371 pages | ||
| 650 | 0 | _aPolitical Science. | |
| 942 | _cENGLISH | ||
| 040 |
_aYourLibrary _beng _cYourLibrary |
||
| 999 |
_c612607 _d612607 |
||